Working paper /
Saved in:
| New Title: | Research paper (University of Liverpool. Institute of Latin American Studies) |
|---|---|
| Previous Title: | Working paper (University of Liverpool. Centre for Latin-American Studies) |
| Corporate Author: | |
| Format: | Serial |
| Language: | English |
| Published: |
Liverpool :
The Institute,
1986-c1994.
|
| Subjects: | |
| Tags: |
Add Tag
No Tags, Be the first to tag this record!
|
| LEADER | 01107cas a2200289 a 4500 | ||
|---|---|---|---|
| 001 | 001310941-3 | ||
| 005 | 20020606090541.3 | ||
| 008 | 871203d19861994enkuu m 0 0eng d | ||
| 010 | |a sf 90041021 |z sn 87045926 | ||
| 022 | |y 0264-942X | ||
| 035 | 0 | |a ocm17168770 | |
| 040 | |a HLS |c HLS |d HUL |d DLC |d NST |d HUL | ||
| 042 | |a lc | ||
| 043 | |a cl----- | ||
| 050 | 0 | 0 | |a UNC |
| 130 | 0 | |a Working paper (University of Liverpool. Institute of Latin American Studies) | |
| 245 | 0 | 0 | |a Working paper / |c University of Liverpool, Institute of Latin American Studies. |
| 260 | |a Liverpool : |b The Institute, |c 1986-c1994. | ||
| 300 | |a 9 v. : |b ill. ; |c 21 cm. | ||
| 362 | 0 | |a 7-15. | |
| 515 | |a Vol. 4 published out of sequence in 1986 after issuing body changed name. | ||
| 651 | 0 | |a Latin America. | |
| 710 | 2 | |a University of Liverpool. |b Institute of Latin American Studies. | |
| 780 | 0 | 0 | |t Working paper (University of Liverpool. Centre for Latin-American Studies) |w (DLC)sf 90041022 |w (OCoLC)13356441 |
| 785 | 0 | 0 | |t Research paper (University of Liverpool. Institute of Latin American Studies) |
| 988 | |a 20020608 | ||
| 906 | |0 MH | ||


